| 000 | 00494nam a2200157 4500 | ||
|---|---|---|---|
| 999 |
_c4707 _d4707 |
||
| 003 | OSt | ||
| 005 | 20230117112409.0 | ||
| 008 | 230117b ||||| |||| 00| 0 eng d | ||
| 040 |
_aKABLIB _cKABLIB _dKABLIB |
||
| 082 |
_223 _a348.09 _bLAW |
||
| 245 |
_aKalr's Law of Uganda Acts, 2008 / _cEdited by Ladislaus Kiiza Rwakafuuzi. |
||
| 260 |
_aKampala; Uganda : _bUganda House, _cc2009. |
||
| 300 |
_avarious pages ; _c24 cm. |
||
| 700 |
_aRwakafuuzi, Ladislaus Kiiza, _eEditor. _99436 |
||
| 942 |
_2ddc _cACTS |
||